[Event "National Open"]
[Site "Las Vegas USA"]
[Date "2006.06.17"]
[Round "4"]
[White "Anka,E"]
[Black "Murzin,L"]
[Result "1-0"]
[WhiteElo "2425"]
[BlackElo "2195"]

1.e4 c5 2.Nf3 e6 3.d4 cxd4 4.Nxd4 Nc6 5.Nb5 d6 6.c4 Nf6 7.N1c3 a6 8.Na3 Be7
9.Be2 b6 10.Be3 Bb7 11.O-O Nb8 12.f3 Nbd7 13.Qd2 O-O 14.Kh1 Qc7 15.Rac1 Rac8
16.Rfe1 Qb8 17.Nc2 Rfd8 18.Bf1 Ba8 19.Bd4 Bf8 20.a3 Bc6 21.b4 Qa8 22.Qf2 Rb8
23.Na1 b5 24.Nb3 Ne5 25.cxb5 axb5 26.Na5 Be8 27.Bb6 Rdc8 28.Nxb5 Rxc1 29.Rxc1 Qa6
30.Bc7 Rc8 31.Na7 Rxc7 32.Rxc7 Nd3 33.Qe3  1-0

[Event "II Balazs-Diak Cup U-18"]
[Site "Balatonlelle HUN"]
[Date "2006.07.03"]
[Round "3"]
[White "Bakos,L"]
[Black "Bednay,B"]
[Result "1-0"]
[WhiteElo "1985"]
[BlackElo "2169"]

1.e4 c5 2.Nf3 e6 3.d4 cxd4 4.Nxd4 Nc6 5.Nb5 d6 6.c4 Nf6 7.N1c3 a6 8.Na3 Be7
9.Be2 O-O 10.O-O Qc7 11.Be3 Ne5 12.f4 Ned7 13.Bf3 Rb8 14.Ba7 Ra8 15.Bf2 Rd8
16.Rc1 Ne8 17.Qe2 b6 18.f5 Rb8 19.Nc2 Ne5 20.fxe6 fxe6 21.Ne3 Nf6 22.Bg3 Bd7
23.Rfd1 Qa7 24.Ng4 Nfxg4 25.Bxg4 b5+ 26.Bf2 Qb7 27.cxb5 axb5 28.Bh3 b4 29.Nb1 Rdc8
30.Nd2 Ra8 31.Nf3 Rxc1 32.Rxc1 Rxa2 33.Nxe5 dxe5 34.Qc4 Ra6 35.Bg3 Rc6 36.Qf1 Rxc1
37.Qxc1 Qxe4 38.Qe1 Bc5+ 39.Kh1 Qxe1+ 40.Bxe1 Kf7 41.b3 h5 42.g4 hxg4 43.Bg2 Bb5
44.Be4 Be2 45.h3 Bf3+ 46.Bxf3 gxf3 47.Bg3 e4 48.Kh2 e3  1-0

[Event "35th TCh-GRE"]
[Site "Ermioni GRE"]
[Date "2006.07.07"]
[Round "5"]
[White "Majdan,J"]
[Black "Przezdziecka,M"]
[Result "1-0"]
[WhiteElo "2314"]
[BlackElo "2304"]

1.e4 c5 2.Nf3 e6 3.d4 cxd4 4.Nxd4 Nc6 5.Nb5 d6 6.c4 Nf6 7.N1c3 a6 8.Na3 Be7
9.Be3 O-O 10.Be2 b6 11.O-O Bb7 12.f4 Rc8 13.Qe1 Qc7 14.Qf2 Nd7 15.Rfd1 Nb4
16.Rac1 Nc5 17.Nab1 Nxe4 18.Nxe4 Bxe4 19.Nc3 Bb7 20.Bxb6 Qb8 21.a3 Nc6 22.b4 f5
23.b5 Nd8 24.a4 Rf6 25.bxa6 Bxa6 26.Rb1 Bb7 27.Bxd8 Bxd8 28.Bf3 Rf7 29.Qe2 Qa7+
30.Kh1 Bxf3 31.gxf3 Qd7 32.Nb5 Be7 33.a5 Qc6 34.Rbc1 Ra8 35.Ra1 e5 36.fxe5 dxe5
37.Rd5 Bb4 38.Rxe5 Bxa5 39.Nd4 Qb6 40.Nxf5 h6 41.Re8+ Rf8 42.Qe7 Qf6 43.Nxh6+ Kh7
44.Qxf6 gxf6 45.Rxf8 Rxf8 46.Rxa5 Kxh6 47.Rd5 Rc8 48.c5 Kg6 49.f4 Ra8 50.Kg2 Ra3
51.Kf2 Rh3 52.Ke2 Rxh2+ 53.Kd3 Rh3+ 54.Kc4  1-0

[Event "FSGM July"]
[Site "Budapest HUN"]
[Date "2006.07.09"]
[Round "9"]
[White "Werner,Di"]
[Black "Kristjansson,St"]
[Result "1/2-1/2"]
[WhiteElo "2315"]
[BlackElo "2491"]

1.e4 c5 2.Nf3 e6 3.d4 cxd4 4.Nxd4 Nc6 5.Nb5 d6 6.Bf4 e5 7.Be3 Nf6 8.Bg5 Be6
9.Nd2 Be7 10.Bxf6 Bxf6 11.Nc4 O-O 12.c3 d5 13.exd5 Bxd5 14.Ne3 Be6 15.Bc4 Qb6
16.Bxe6 fxe6 17.Qe2 Ne7 18.O-O Nd5 19.Na3 Nxe3 20.Qxe3 Qxb2 21.Nc4 Qb5 22.Nd6 Qc6
23.Ne4 Bd8 24.g3 Bb6 25.Qe2 Rac8 26.Rad1 Rfd8 27.Rxd8+ Rxd8 28.Kg2 h6 29.h4 Bc5
30.Kh2 Be7  1/2-1/2

[Event "Inautomarket Open"]
[Site "Minsk BLR"]
[Date "2006.07.10"]
[Round "1"]
[White "Ivannikov,O"]
[Black "Firman,N"]
[Result "0-1"]
[WhiteElo "2176"]
[BlackElo "2499"]

1.e4 c5 2.Nf3 e6 3.d4 cxd4 4.Nxd4 Nc6 5.Nb5 Nf6 6.N1c3 d6 7.Bf4 e5 8.Bg5 a6
9.Na3 b5 10.Nd5 Be7 11.Bxf6 Bxf6 12.c3 O-O 13.Be2 Bg5 14.Nc2 Bb7 15.O-O Ne7
16.Ncb4 Nc8 17.Qb3 Rb8 18.Rfd1 a5 19.Nc2 Nb6 20.Bxb5 a4 21.Qa3 f5 22.Nxb6 Qxb6
23.Bc4+ Kh8 24.Qb4 Qc7 25.Na3 Bxe4 26.Nb5 Qc6 27.Rxd6 Qa8 28.Bf1 Be7 29.Rad1 Bc6
30.Nc7 Qa7 31.Qc4 Bxd6 32.Rxd6 Rxb2 33.Nd5 Qxf2+ 34.Kh1 Rb1 35.h3 Rxf1+ 36.Kh2 Rg1  0-1

[Event "16th Heart of Finland Open"]
[Site "Jyvaskyla FIN"]
[Date "2006.07.12"]
[Round "2"]
[White "Lonnqvist,H"]
[Black "Karttunen,M"]
[Result "0-1"]
[WhiteElo "2169"]
[BlackElo "2422"]

1.e4 c5 2.Nf3 e6 3.d4 cxd4 4.Nxd4 Nc6 5.Nb5 d6 6.c4 Nf6 7.N1c3 a6 8.Na3 b6
9.Be2 Bb7 10.O-O Be7 11.Be3 O-O 12.Rc1 Rc8 13.f3 Re8 14.Qd2 d5 15.cxd5 exd5
16.Nxd5 Nxd5 17.exd5 Bb4 18.Qd3 Ne7 19.Rxc8 Qxc8 20.Rc1 Qd8 21.Nc4 b5 22.d6 bxc4
23.dxe7 Qxd3 24.Bxd3 cxd3 25.Rd1 Rxe7 26.Rxd3 Rxe3  0-1

[Event "ch-SWE"]
[Site "Gothenburg SWE"]
[Date "2006.07.13"]
[Round "12"]
[White "Ernst,T"]
[Black "Cramling,P"]
[Result "1/2-1/2"]
[WhiteElo "2456"]
[BlackElo "2521"]

1.e4 c5 2.Nf3 e6 3.d4 cxd4 4.Nxd4 Nc6 5.Nb5 d6 6.c4 Nf6 7.N1c3 a6 8.Na3 Be7
9.Be2 b6 10.O-O O-O 11.Be3 Ne5 12.Qd2 Bb7 13.f3 Rc8 14.Rfd1 Qc7 15.Rac1 Rfe8
16.Bf1 Ned7 17.Kh1 Qb8 18.Bf4 Ne5 19.Be3 Ned7 20.Bf4 Ne5 21.Be3 Ned7  1/2-1/2

[Event "6th TCh-Euro u18 Girls"]
[Site "Balatonlelle HUN"]
[Date "2006.07.14"]
[Round "3"]
[White "Remete,Z"]
[Black "Officer,A"]
[Result "1-0"]
[WhiteElo "2125"]
[BlackElo "1853"]

1.e4 c5 2.Nf3 e6 3.d4 cxd4 4.Nxd4 Nc6 5.Nb5 d6 6.c4 Nf6 7.N5c3 Be7 8.g3 b6
9.Bg2 Bb7 10.O-O Qc7 11.b3 O-O 12.Bb2 Rad8 13.Na3 a6 14.Rc1 Ne5 15.Qe2 Nfd7
16.Nc2 Bf6 17.Ne3 Nc6 18.Ncd5 exd5 19.cxd5 Bxb2 20.Qxb2 Nc5 21.dxc6 Bxc6
22.Nf5 f6 23.b4 g6 24.Nd4 Bd7 25.bxc5 dxc5 26.Qb3+ Kg7 27.Rfd1 Rfe8 28.Qc4 Qe5
29.Nf3 Qxe4 30.Qxe4 Rxe4 31.Rd6 b5 32.Rcd1 Re7 33.Bh3 Bxh3 34.Rxd8 Re2 35.R1d2 Re4
36.Ra8 Rb4 37.Ne1 Rb1 38.Re2 c4 39.f3 Bf5 40.Kf2 g5 41.Rxa6 c3 42.Rc6 b4
43.Ke3 Rb2 44.Nd3 Rb1 45.Rb6 Bxd3 46.Kxd3 Rd1+ 47.Kc2 Ra1 48.Kb3 Rb1+ 49.Kc4 Rf1
50.Rxb4 Rxf3 51.Rb3  1-0

[Event "6th TCh-Euro u18 Girls"]
[Site "Balatonlelle HUN"]
[Date "2006.07.15"]
[Round "4"]
[White "Bjeloglav,M"]
[Black "Officer,A"]
[Result "1/2-1/2"]
[WhiteElo "2037"]
[BlackElo "1853"]

1.e4 c5 2.Nf3 e6 3.d4 cxd4 4.Nxd4 Nc6 5.Nb5 d6 6.c4 Nf6 7.N1c3 a6 8.Na3 Be7
9.Be2 O-O 10.O-O b6 11.Be3 Nd7 12.Qd2 Bb7 13.Rfd1 Rc8 14.f3 Qc7 15.Qe1 Nc5
16.Rac1 Qb8 17.Qg3 Rfd8 18.h4 Bf6 19.Bg5 Bxg5 20.hxg5 Qc7 21.Kf2 Ne5 22.Rc2 Ncd7
23.Rh1 Nf8 24.Nd1 Qc5+ 25.Kf1 Nc6 26.Rd2 Nb4 27.b3 d5 28.exd5 exd5 29.Qh4 d4
30.Nf2 d3 31.Bd1 Qe3 32.Nb1 Re8 33.Ng4 Qc5 34.a3 Nc2 35.Bxc2 dxc2 36.Rxc2 Qf5
37.Qf2 Rcd8 38.Nc3 Qd3+ 39.Kg1 Re6 40.Kh2 Qf5  1/2-1/2

[Event "XI Open"]
[Site "Balaguer ESP"]
[Date "2006.07.21"]
[Round "5"]
[White "Barrientos,S"]
[Black "Sharma,Di"]
[Result "1-0"]
[WhiteElo "2435"]
[BlackElo "2358"]

1.e4 c5 2.Nf3 e6 3.d4 cxd4 4.Nxd4 Nc6 5.Nb5 d6 6.Bf4 e5 7.Be3 a6 8.N5c3 Nf6
9.Na3 b5 10.Nd5 Rb8 11.Nxf6+ Qxf6 12.c3 Be7 13.Be2 O-O 14.Nc2 a5 15.h4 h6
16.g4 Qg6 17.g5 hxg5 18.hxg5 b4 19.Bh5 Qe6 20.Rh4 bxc3 21.b3 Nb4 22.Nxb4 Rxb4
23.Bg4 Qg6 24.Bxc8 Rxc8 25.Qg4 Qe6 26.Qh5 f5 27.Rh1 Rxe4 28.g6 Kf8 29.Qxf5+ Qxf5
30.Rh8+  1-0

[Event "XLVIII TCh-POR"]
[Site "Evora POR"]
[Date "2006.07.24"]
[Round "3"]
[White "Velicka,P"]
[Black "Rodriguez Guerrero,E"]
[Result "1/2-1/2"]
[WhiteElo "2475"]
[BlackElo "2440"]

1.e4 c5 2.Nf3 e6 3.d4 cxd4 4.Nxd4 Nc6 5.Nb5 d6 6.c4 Nf6 7.N5c3 a6 8.Na3 Be7
9.Be2 O-O 10.Be3 b6 11.Qb3 Rb8 12.f4 e5 13.Qd1 Bb7 14.f5 Nd4 15.Bxd4 exd4
16.Qxd4 Re8 17.Kf1 d5 18.cxd5 Bxa3 19.bxa3 Nxe4 20.Nxe4 Bxd5 21.Rd1 Bxe4
22.Qxd8 Rbxd8 23.Kf2 Rc8 24.Rc1 b5 25.a4 bxa4 26.Bxa6 Rb8 27.Rhe1 Rb2+ 28.Re2 Rxe2+
29.Bxe2 Bxf5 30.Rc7 Be6 31.Ra7 Bxa2 32.Rxa4 Be6 33.Bf3 Rf8 34.Ra8 Bc8 35.h4 g6
36.g4 Kg7 37.g5 Rh8 38.Rb8 Rf8 39.Ke3 Rh8 40.Kf2 Rf8 41.Ke3 Re8+ 42.Kf2 Rf8
43.Ke3 Kg8 44.Kf2 Kg7 45.Ke3 Rh8  1/2-1/2

[Event "Dutch Open"]
[Site "Dieren NED"]
[Date "2006.08.03"]
[Round "9"]
[White "Swinkels,R"]
[Black "Erenburg,S"]
[Result "1/2-1/2"]
[WhiteElo "2286"]
[BlackElo "2585"]

1.e4 c5 2.Nf3 e6 3.d4 cxd4 4.Nxd4 Nc6 5.Nb5 d6 6.c4 Nf6 7.N1c3 a6 8.Nd4 Qc7
9.Be3 Be7 10.Be2 O-O 11.O-O Re8 12.Rc1 Ne5 13.f3 b6 14.Qd2 Bb7 15.Na4 Ned7
16.b4 Rac8 17.Rc2 Qb8 18.Rb1 Bf8 19.Bf2 Ba8 20.Qc1 g6 21.a3 Rc7 22.Nb2 Rec8
23.a4 e5 24.Nb3 d5 25.c5 a5 26.exd5 Nxd5 27.bxa5 bxc5 28.Bb5 Nb4 29.Rd2 Bh6
30.Qd1 Bxd2 31.Qxd2 Nc6 32.Nc4 Nd4 33.Bxd4 cxd4 34.Bxd7 Rxc4 35.Bxc8 Qxc8
36.Rc1 Qc6 37.Rxc4 Qxc4 38.Nc1 Qxa4 39.Nd3 Qb5 40.Qe2 f6 41.Qc2 Bb7 42.Qc7 Ba6
43.Qe7 e4 44.Qxe4 Kf7 45.Kf2 Qxa5 46.Ne1 Qe5 47.Nc2 Qxe4 48.fxe4 d3 49.Ne3 d2
50.Nd1 Ke6 51.Ke3 Bf1 52.g3 Ke5 53.Nf2 h5 54.Kxd2 Kd4 55.Ke1 Bc4 56.Nd1 Bb3
57.Nf2 Ke3 58.Kf1 Bc2 59.Kg1 Kf3 60.Kf1 Bxe4 61.Kg1 Bc6 62.Nd3 g5 63.Nc5 Ke3
64.Ne6 Bd7 65.Nc7 Kd4 66.Kf2 f5 67.Na6 Bb5 68.Nb4 Ba4 69.Na6 Bc6 70.Nc7 Bd7
71.Na6 Bc8 72.Nb4 Bb7 73.Nc2+ Kd3 74.Ne3 Be4 75.Nd1 Bd5 76.Ne3 Be6 77.Ng2 Ke4
78.Ne3 Bf7 79.Ng2 f4 80.gxf4 gxf4 81.Nh4 Be6 82.Nf3 Bg4 83.Ng5+ Kf5 84.Nf3 Bxf3
85.Kxf3 Ke5 86.Kf2 Ke4 87.Ke2 f3+ 88.Kf2 Kf4 89.Kf1 Ke3 90.Ke1 Ke4 91.Kf2 Kf4
92.Kf1 h4 93.Kf2 Kg4 94.Kf1 Kf5 95.Kf2 Kf4 96.Kf1 Ke5 97.Kf2 Ke4 98.Ke1 Ke3
99.Kf1 Kd4 100.Kf2 Ke4 101.Ke1 Kf5 102.Kf2 Kg4 103.Kg1 Kh3 104.Kh1 Kg4 105.Kg1 Kf4
106.Kf2 h3 107.Kf1 Ke4 108.Kf2 Kf4 109.Kf1 Ke3 110.Ke1 Kd3 111.Kf2 Ke4 112.Kf1 Ke3
113.Ke1 f2+ 114.Kf1 Kf3  1/2-1/2

[Event "6th Open"]
[Site "Velika Gorica CRO"]
[Date "2006.08.24"]
[Round "7"]
[White "Feletar,D"]
[Black "Kalajzic,I"]
[Result "1-0"]
[WhiteElo "2400"]
[BlackElo "2223"]

1.e4 c5 2.Nf3 e6 3.d4 cxd4 4.Nxd4 Nc6 5.Nb5 d6 6.Bf4 e5 7.Be3 Nf6 8.Bg5 Be6
9.Nd2 a6 10.Nc3 h6 11.Bxf6 Qxf6 12.Nc4 Qd8 13.Nd5 b5 14.Nce3 g6 15.c3 Bg7
16.a4 Rb8 17.axb5 axb5 18.b4 Qc8 19.Rc1 Ne7 20.Nxe7 Kxe7 21.c4 bxc4 22.Bxc4 Qb7
23.O-O Rhc8 24.Bxe6 fxe6 25.Rxc8 Rxc8 26.Qg4 g5 27.h4 Bf6 28.Rb1 Rh8 29.h5 Rf8
30.b5 Kd7 31.b6 Ke7 32.Nc4 Qa6 33.Ne3 Rb8 34.Qd1 Rxb6 35.Rxb6 Qxb6 36.Qc2 Qc5
37.Qxc5 dxc5 38.Kf1 Kd6 39.Ke2 Kc6 40.Kd3 Kb5 41.Kc3 Bh8 42.Kb3 Bf6 43.Nc4 Kc6
44.Ka4 Bg7 45.Ka5 Bf6 46.Ka6 Bg7 47.Na5+ Kd7 48.Kb5 Bf8 49.Nc4 Bd6 50.Ne3 Bf8
51.f3 Kc7 52.Nc4 Bd6 53.Na5 Be7 54.Nb3 c4 55.Kxc4 Kc6 56.Nd2 Bc5 57.Nf1 Bg1
58.Ng3 Bf2 59.Ne2 Be3 60.Kd3 Bf2 61.Nc1 Kb5 62.Ke2 Bc5 63.Nb3 Bb6 64.Kd3 Kb4
65.Nd2 Bd4 66.Nc4 Kc5 67.Na5 Kb6 68.Nb3 Bf2 69.Kc4 Be3 70.Na1 Kc6 71.Nc2 Bf2
72.Nb4+ Kb6 73.Nd3 Bd4 74.f4 gxf4 75.Nxf4 Kc6 76.Nxe6 Be3 77.Ng7 Bg5 78.Nf5 Bc1
79.Kd3 Kd7 80.Nh4 Ke6 81.Nf3 Bf4 82.Ke2 Bg3 83.Ng1 Kf6 84.Nh3 Bh4 85.Kf3 Be1
86.Kg4 Ke6 87.Ng1 Bf2 88.Nf3 Kf6 89.Nd2 Bb6 90.Nc4 Bc7 91.Ne3 Ba5 92.Nd5+ Ke6
93.Kf3 Kf7 94.Ne3 Ke6 95.Nd5 Kf7 96.Ke2 Bd8 97.Kd3 Ke6 98.Ke3 Bg5+ 99.Kf3 Bd2
100.Kg4 Ba5 101.Ne3 Bd2 102.Nf5 Bc1 103.Nh4 Kf6 104.Nf3 Be3 105.Kh3 Bc1 106.g3 Be3
107.Kg2 Bc1 108.Kf2 Bg5 109.Ke2 Bc1 110.Kd3 Ke6 111.Kc4 Be3 112.Nh2 Kd6 113.Ng4 Bg5
114.Nh2 Be3 115.Nf3 Bf2 116.g4 Be3 117.g5 Ke6 118.g6 Bf4 119.Kc5 Bg5 120.Nxe5 Be7+
121.Kc6 Bf8 122.Ng4 Bg7 123.Kc7 Ke7 124.Ne3 Be5+ 125.Kc8 Ke6 126.Kd8 Bg7
127.Ke8 Kf6 128.Nf5 Bh8 129.g7 Ke6 130.g8=Q+  1-0

[Event "VIII Open"]
[Site "Sants ESP"]
[Date "2006.08.25"]
[Round "1"]
[White "Garreta Martinez,A"]
[Black "Vila Gazquez,Ja"]
[Result "0-1"]
[WhiteElo "2010"]
[BlackElo "2345"]

1.e4 c5 2.d4 e6 3.Nf3 cxd4 4.Nxd4 Nc6 5.Nb5 d6 6.c4 a6 7.N5c3 Nf6 8.Be2 Be7
9.O-O Ne5 10.f4 Ned7 11.Na3 b6 12.Bf3 Bb7 13.Nc2 Qc7 14.Qe2 Rc8 15.Ne3 O-O
16.g4 Nc5 17.Qc2 Qb8 18.g5 Ne8 19.b4 Nd7 20.Bg4 Nc7 21.Bb2 b5 22.Rae1 Rfd8
23.f5 Bxg5 24.fxe6 fxe6 25.Ned5 exd5 26.exd5 Qa7+ 27.c5 dxc5 28.Qf5 cxb4+
29.Kh1 bxc3 30.Bxc3 Bxd5+ 31.Bf3 Bxf3+ 32.Rxf3 Bf6 33.Re7 Bxc3 34.Qf7+ Kh8
35.Rxd7 Qc5  0-1

[Event "Rudenko Mem"]
[Site "St Petersburg RUS"]
[Date "2006.08.26"]
[Round "1"]
[White "Tukan,E"]
[Black "Cherenkova,K"]
[Result "0-1"]
[WhiteElo "2001"]
[BlackElo "2224"]

1.e4 c5 2.Nf3 e6 3.d4 cxd4 4.Nxd4 Nc6 5.Nb5 d6 6.Bf4 e5 7.Be3 Nf6 8.N5c3 Be6
9.Be2 Be7 10.O-O O-O 11.Bf3 Qc8 12.Nd5 Bxd5 13.exd5 e4 14.Be2 Ne5 15.Na3 Nfd7
16.f4 exf3 17.Bxf3 Nxf3+ 18.Rxf3 Ne5 19.Rh3 Ng4 20.Bd4 f5 21.Rc3 Qd7 22.h3 Nf6
23.Bxf6 Bxf6 24.Rb3 Rae8 25.Nb5 Re4 26.c3 Rfe8 27.Qf1 Bh4 28.Kh2 Re3 29.g3 Re2+
30.Kg1 Bxg3 31.c4 f4 32.Rxg3 fxg3 33.Nd4 Rf2  0-1

[Event "Canadian Closed zt"]
[Site "Toronto CAN"]
[Date "2006.08.26"]
[Round "9"]
[White "Stevens,C CAN"]
[Black "Peng,D"]
[Result "0-1"]
[WhiteElo "2314"]
[BlackElo "2170"]

1.e4 c5 2.Nf3 e6 3.d4 cxd4 4.Nxd4 Nc6 5.Nb5 d6 6.Bf4 e5 7.Be3 Nf6 8.Bg5 Be6
9.Nd2 a6 10.Bxf6 gxf6 11.Nc3 f5 12.exf5 Bxf5 13.Nc4 Be6 14.Ne3 Bh6 15.Ned5 Rc8
16.Bd3 Nd4 17.O-O Qh4 18.g3 Qh3 19.Be4 Rc5 20.b4 Rc6 21.Bg2 Qf5 22.Ne3 Qg6
23.Ncd5 Bxd5 24.Bxd5 Rc3 25.Qe1 Rc7 26.Rc1 O-O 27.c3 Ne6 28.Bg2 f5 29.Nd5 Rg7
30.Rd1 f4 31.Qe4 Qh5 32.Qc4 Kh8 33.Nb6 Ng5 34.Rfe1 f3 35.Bf1 Rf4 36.Qc8+ Rg8
37.Qxg8+ Kxg8 38.Rxd6 Nh3+ 39.Kh1 Nxf2+ 40.Kg1 Ng4  0-1

[Event "Canadian Closed zt"]
[Site "Toronto CAN"]
[Date "2006.08.26"]
[Round "9"]
[White "Urquhart,E"]
[Black "Divljan,I"]
[Result "0-1"]
[WhiteElo "2212"]
[BlackElo "2319"]

1.e4 c5 2.Nf3 e6 3.d4 cxd4 4.Nxd4 Nc6 5.Nb5 d6 6.c4 Nf6 7.N1c3 a6 8.Na3 b6
9.Be2 Bb7 10.O-O Ne5 11.f3 Be7 12.Be3 Ned7 13.Rc1 O-O 14.Kh1 Rc8 15.Qd2 Qc7
16.Rfd1 Qb8 17.Bg1 Kh8 18.Nc2 Rg8 19.Bf1 g5 20.h3 Rg6 21.Bh2 Ne5 22.Ne3 h5
23.b4 Bd8 24.c5 dxc5 25.bxc5 b5 26.a4 b4 27.Qd4 Bc7 28.Qxb4 Nc6 29.Bxc7 Rxc7
30.Qb2 g4 31.Ncd5 exd5 32.Nxd5 Qd8 33.Nxc7 Qxc7 34.Rd6 Qe7 35.e5 Nxe5 36.Rb6 Bd5
37.fxg4 hxg4 38.Re1 gxh3 39.Qxe5 hxg2+ 40.Bxg2 Bxg2+ 41.Kg1 Be4+  0-1

[Event "EU-chB16"]
[Site "Herceg Novi MNE"]
[Date "2006.09.10"]
[Round "1"]
[White "Kleijn,C"]
[Black "Vila Gazquez,Ja"]
[Result "0-1"]
[WhiteElo "2080"]
[BlackElo "2345"]

1.e4 c5 2.Nf3 e6 3.d4 cxd4 4.Nxd4 Nc6 5.Nb5 d6 6.c4 Nf6 7.N1c3 a6 8.Na3 b6
9.Be3 Ne5 10.Be2 Bb7 11.Qd4 Ned7 12.f3 Qc7 13.O-O Be7 14.Rfd1 O-O 15.Qd2 Rac8
16.Rac1 Rfd8 17.Bf1 Re8 18.Qf2 Qb8 19.Na4 d5 20.exd5 exd5 21.Nxb6 Nxb6 22.Bxb6 Bd6
23.g3 Bxa3 24.bxa3 dxc4 25.Bh3 Bxf3 26.Bxc8 Bxd1 27.Bxa6 Ng4 28.Qd4 Re1+
29.Kg2 Re2+ 30.Kg1 Qa8  0-1

[Event "EU-chB16"]
[Site "Herceg Novi MNE"]
[Date "2006.09.11"]
[Round "2"]
[White "Vila Gazquez,Ja"]
[Black "Krstic,P"]
[Result "1/2-1/2"]
[WhiteElo "2345"]
[BlackElo "2203"]

1.e4 c5 2.Nf3 e6 3.d4 cxd4 4.Nxd4 Nc6 5.Nb5 d6 6.c4 Nf6 7.N1c3 a6 8.Na3 b6
9.Be2 Bb7 10.Be3 Be7 11.O-O O-O 12.Qd2 Ne5 13.f3 d5 14.exd5 exd5 15.cxd5 Bxd5
16.Nxd5 Nxd5 17.Bf2 Bg5 18.Qd4 Nf4 19.Bd1 Nfd3 20.Qxd8 Raxd8 21.Bxb6 Rb8
22.Bd4 Nc6 23.Bc2 Nxd4 24.Bxd3 Rxb2 25.Nc4 Rbb8 26.Rab1 g6 27.Kf2 f5 28.Nb6 Rfe8
29.Nd5 Rbd8 30.f4 Bh4+ 31.g3 Kh8 32.Bc4 Be7 33.Nc7 Rf8 34.Nxa6 Rc8 35.Bd3 Rc3
36.Rfd1 Ra8 37.Rb8+ Rxb8 38.Nxb8 Bc5 39.Nd7 Ba7 40.Kg2 Nc2 41.Kh3 Ne3 42.Rd2 Ng4
43.Ne5 Nf2+ 44.Kg2 Nxd3 45.Rxd3 Rc2+ 46.Kh3 Rxa2 47.Nf7+ Kg7 48.Ng5 Bg1 49.Rd7+ Kg8
50.Rd8+ Kg7 51.Rd7+ Kg8 52.Nf3 Bc5 53.Ng5 Bg1  1/2-1/2

[Event "EU-chB16"]
[Site "Herceg Novi MNE"]
[Date "2006.09.13"]
[Round "4"]
[White "Varga,Dav"]
[Black "Bekarovski,F"]
[Result "1-0"]
[WhiteElo "2139"]
[BlackElo "1886"]

1.e4 c5 2.Nf3 e6 3.d4 cxd4 4.Nxd4 Nc6 5.Nb5 d6 6.c4 Nf6 7.N1c3 a6 8.Na3 b6
9.Be3 Be7 10.Be2 Bb7 11.f4 Rc8 12.Rc1 O-O 13.Bf3 Qc7 14.Qe2 Nd7 15.O-O Rfe8
16.Rfd1 Qb8 17.Rd2 Nc5 18.Rcd1 Ba8 19.Nc2 Rcd8 20.b4 Nd7 21.e5 Nf8 22.b5 axb5
23.cxb5 Na5 24.Bxa8 Qxa8 25.exd6 Bf6 26.Na4 Nd7 27.Nxb6 Qb8 28.Na4 e5 29.f5 e4
30.Nb4 Rc8 31.Na6 Qb7 32.N4c5 Nxc5 33.Nxc5  1-0

[Event "5th Open"]
[Site "Izmir TUR"]
[Date "2006.09.17"]
[Round "8"]
[White "Bashkite,V"]
[Black "Sulashvili,M"]
[Result "1-0"]
[WhiteElo "2239"]
[BlackElo "2431"]

1.e4 c5 2.Nf3 e6 3.d4 cxd4 4.Nxd4 Nc6 5.Nb5 d6 6.c4 Nf6 7.N1c3 a6 8.Na3 Be7
9.Be2 O-O 10.Be3 b6 11.O-O Bb7 12.f3 Nd7 13.Rc1 Rc8 14.Qe1 Nc5 15.Qf2 Qc7
16.Rfd1 Qb8 17.Nc2 Ne5 18.b3 Rfe8 19.Nd4 Bd8 20.h4 Bc7 21.h5 Nc6 22.Nxc6 Bxc6
23.h6 d5 24.f4 dxe4 25.Qg3 g6 26.Qg5 Bd8 27.Rxd8 Rexd8 28.Qf6 Kf8 29.f5 Ke8
30.fxg6 fxg6 31.Bxc5  1-0

[Event "EU-chB16"]
[Site "Herceg Novi MNE"]
[Date "2006.09.18"]
[Round "8"]
[White "Kleijn,C"]
[Black "Krstic,P"]
[Result "1/2-1/2"]
[WhiteElo "2080"]
[BlackElo "2203"]

1.e4 c5 2.Nf3 e6 3.d4 cxd4 4.Nxd4 Nc6 5.Nb5 d6 6.c4 Nf6 7.N1c3 a6 8.Na3 b6
9.Be2 Bb7 10.O-O Be7 11.f4 d5 12.cxd5 exd5 13.e5 Bc5+ 14.Kh1 Ne4 15.Nxe4 dxe4
16.Nc2 O-O 17.Be3 Qe7 18.Qe1 Rfd8 19.Qg3 g6 20.Rad1 Rxd1 21.Rxd1 Rd8 22.Qe1 Bxe3
23.Nxe3 Qc5 24.Ng4 Rxd1 25.Qxd1 Nd4 26.Bf1 Kg7 27.Qd2 Nf5 28.Qd8 Qc1 29.Qf6+ Kg8
30.Qd8+ Kg7 31.Qf6+ Kg8  1/2-1/2

[Event "Bygger'n Masters"]
[Site "Gausdal NOR"]
[Date "2006.10.01"]
[Round "8"]
[White "Wilsbeck,J"]
[Black "Quinn,J"]
[Result "0-1"]
[WhiteElo "1931"]
[BlackElo "2150"]

1.e4 c5 2.Nf3 e6 3.d4 cxd4 4.Nxd4 Nc6 5.Nb5 d6 6.Bf4 e5 7.Be3 a6 8.N5c3 Be6
9.Be2 Nf6 10.O-O Be7 11.Nd5 O-O 12.Bb6 Qd7 13.Nc7 Rac8 14.Nxe6 Qxe6 15.Nc3 Bd8
16.Be3 Ba5 17.f3 Bxc3 18.bxc3 Na5 19.Qb1 b5 20.a4 Nc4 21.Bc1 d5 22.axb5 Qb6+
23.Kh1 axb5 24.Bg5 dxe4 25.Bxc4 Rxc4 26.Bxf6 gxf6 27.Qe1 e3 28.Rd1 b4 29.Rd3 Rxc3
30.Rxc3 bxc3 31.Qxc3 e2 32.Re1 Qf2 33.h3 Rd8 34.Kh2 h5 35.Qa1 Rd2 36.Qc1 Qd4
37.Qa3 Rxc2 38.Qa6 Qf4+ 39.Kg1 Qe3+ 40.Kh2 Kg7 41.Qa4 Qf2 42.Qxc2 Qxe1 43.Qf5 h4
44.Qg4+ Kh6  0-1

[Event "FSIM October"]
[Site "Budapest HUN"]
[Date "2006.10.10"]
[Round "4"]
[White "Lengyel,B"]
[Black "Titz,Hei"]
[Result "1-0"]
[WhiteElo "2339"]
[BlackElo "2286"]

1.e4 c5 2.Nf3 e6 3.d4 cxd4 4.Nxd4 Nc6 5.Nb5 d6 6.c4 Nf6 7.N1c3 a6 8.Na3 Be7
9.Be2 O-O 10.O-O b6 11.Be3 Bb7 12.Qb3 Nd7 13.Rfd1 Nc5 14.Qc2 Qc7 15.Rac1 Rac8
16.Qd2 Rfd8 17.f3 Qb8 18.Nc2 Nd7 19.Qe1 Nce5 20.Qf1 h5 21.h3 h4 22.f4 Ng6
23.Nd4 Bf6 24.f5 exf5 25.Nxf5 Nc5 26.Nd5 Bxd5 27.cxd5 Bxb2 28.Rb1 Be5 29.Bxa6 Rc7
30.Bb5 Nxe4 31.Bc6 Nc5 32.Rb5 Ra7 33.Rdb1 Rxa2 34.Rxb6 Qc8 35.Bg5 f6 36.Bxh4 Ra7
37.Be1 Nf4 38.Nh4 Ra2 39.Qc4 Ra4 40.Bxa4 Nxa4 41.Qxa4 Bd4+ 42.Kh2 Bxb6 43.Qxf4  1-0

[Event "FSIM October"]
[Site "Budapest HUN"]
[Date "2006.10.12"]
[Round "6"]
[White "Farago,S"]
[Black "Bednay,B"]
[Result "1-0"]
[WhiteElo "2275"]
[BlackElo "2268"]

1.e4 c5 2.Nf3 e6 3.d4 cxd4 4.Nxd4 Nc6 5.Nb5 d6 6.c4 Nf6 7.N5c3 Be7 8.Be2 O-O
9.Be3 a6 10.O-O Qc7 11.Nd2 Ne5 12.f4 Ned7 13.Kh1 b6 14.Rc1 Bb7 15.b4 Rac8
16.a3 Qb8 17.Bd3 Qa8 18.Qe2 Rfd8 19.Bd4 e5 20.fxe5 dxe5 21.Bg1 a5 22.Rb1 axb4
23.axb4 Qb8 24.Rf3 Nh5 25.Nd5 Bxd5 26.exd5 Ndf6 27.Bf5 Rc7 28.Qxe5 g6 29.Bh3 b5
30.g4 Ng7 31.Rxf6 Bxf6 32.Qxf6 Ne8 33.Qe5 bxc4 34.Bd4 f6 35.Qe6+ Rf7 36.g5 f5
37.Nxc4 Ng7 38.Bxg7 Kxg7 39.Ne5  1-0

[Event "IRT5"]
[Site "Sao Paulo BRA"]
[Date "2006.10.13"]
[Round "3"]
[White "Oliveira,Je"]
[Black "Brandao,R"]
[Result "1-0"]
[WhiteElo "2183"]
[BlackElo "1981"]

1.e4 c5 2.Nf3 Nc6 3.d4 cxd4 4.Nxd4 e6 5.Nb5 d6 6.Bf4 e5 7.Be3 Be7 8.N1c3 Nf6
9.Nd5 Nxd5 10.exd5 Nb8 11.c4 a6 12.Nc3 O-O 13.Bd3 f5 14.O-O f4 15.Bc1 f3
16.gxf3 Bh3 17.Re1 Nd7 18.Kh1 Qb6 19.Qe2 Rf7 20.Rg1 Nf6 21.Be3 Qc7 22.Qc2 Kh8
23.Ne4 Nh5 24.Ng5 Bxg5 25.Rxg5 g6 26.Bxg6 hxg6 27.Qxg6 Nf4 28.Bxf4 exf4 29.Rag1 Qe7
30.Rh5+  1-0

[Event "Open"]
[Site "Santo Domingo DOM"]
[Date "2006.11.01"]
[Round "2"]
[White "Carrion,M"]
[Black "Quezada,Y"]
[Result "0-1"]
[WhiteElo "2197"]
[BlackElo "2515"]

1.e4 c5 2.Nf3 e6 3.d4 cxd4 4.Nxd4 Nc6 5.Nb5 d6 6.Bf4 e5 7.Be3 Nf6 8.Bg5 a6
9.Bxf6 gxf6 10.N5c3 f5 11.Nd2 Be6 12.exf5 Bxf5 13.Nc4 Be6 14.Ne3 Bh6 15.Ned5 O-O
16.g3 f5 17.Bg2 Kh8 18.O-O Rc8 19.Qh5 Bg7 20.Rad1 Nd4 21.Rd2 b5 22.a3 a5
23.Qd1 Rc5 24.Re1 Bf7 25.f4 Qb8 26.fxe5 dxe5 27.b4 axb4 28.axb4 Rc4 29.Ne2 Bh5  0-1

[Event "TCh-NOR 2006-7"]
[Site "Oslo NOR"]
[Date "2006.11.12"]
[Round "3"]
[White "Strand,Kj"]
[Black "Runde,Ha"]
[Result "1-0"]
[WhiteElo "2069"]
[BlackElo "1977"]

1.e4 c5 2.Nf3 e6 3.d4 cxd4 4.Nxd4 Nc6 5.Nb5 d6 6.Bf4 e5 7.Be3 Nf6 8.Bg5 Qa5+
9.Bd2 Qd8 10.Bg5 Be7 11.Bxf6 gxf6 12.Bc4 f5 13.Qh5 O-O 14.O-O fxe4 15.N1c3 a6
16.Na3 Nd4 17.Bd5 Be6 18.Bxe4 f5 19.Bd5 b5 20.Bxe6+ Nxe6 21.Nd5 Rc8 22.c3 Rc5
23.Rad1 Rxd5 24.Rxd5 Nf4 25.Qf3 Nxd5 26.Qxd5+ Kh8 27.c4 b4 28.Nc2 Qb6 29.Qe6 Bg5
30.Rd1 b3 31.axb3 Qxb3 32.Qxd6 Re8 33.Ne3 Bxe3 34.Qf6+ Kg8 35.Rd7 Bxf2+ 36.Kh1 Qxc4
37.Qg7+  1-0

[Event "FSIM December"]
[Site "Budapest HUN"]
[Date "2006.12.05"]
[Round "4"]
[White "Lengyel,B"]
[Black "Humphrey,J"]
[Result "1/2-1/2"]
[WhiteElo "2326"]
[BlackElo "2256"]

1.e4 c5 2.Nf3 e6 3.d4 cxd4 4.Nxd4 Nc6 5.Nb5 d6 6.c4 Nf6 7.N1c3 a6 8.Na3 Be7
9.Be2 O-O 10.O-O b6 11.Be3 Bb7 12.Qb3 Nd7 13.Rfd1 Nc5 14.Qc2 Bf6 15.f3 Be5
16.Bf1 Qh4 17.g3 Qf6 18.Bg2 Rfd8 19.Rac1 Qg6 20.Qe2 Nb4 21.Bd4 Bxd4+ 22.Rxd4 e5
23.Rd2 Ne6 24.Rcd1 Nd4 25.Qe3 Qe6 26.f4 Rac8 27.f5 Qh6 28.Qxh6 gxh6 29.Rxd4 exd4
30.Rxd4 Nc6 31.Rd1 Ne5 32.Bf1 f6 33.Be2 Kf8 34.Rf1 Kg7 35.Rd1 Kf8 36.Kf2 Ke7
37.Ke3 Rg8 38.Kf4 Rc7 39.Rd4 Rgc8 40.Nd1 Rc5 41.b4 Nc6 42.bxc5 Nxd4 43.cxd6+ Kxd6
44.Bd3 Nc6 45.Ne3 Ne5 46.Be2 Kc5 47.Nac2 Rd8 48.Nd5 Bxd5 49.cxd5 b5 50.Ke3 a5
51.Nd4 Rb8 52.Ne6+ Kb4 53.Nc7 Ka3 54.Bxb5 Kxa2 55.Kd4 Kb3 56.d6 a4 57.Bxa4+ Kxa4
58.Kd5 Rf8 59.Ke6 Kb4 60.Nd5+ Kc5 61.Nxf6 Kd4 62.d7 Rxf6+ 63.Kxf6 Nxd7+  1/2-1/2